00842nam a2200229 a 450000100100000000500170001000800410002704000250006808200170009310000280011024500700013825000110020826000420021930000210026150000340028250000430031653400720035970000340043104900090046595201210047499900170059500002523320200930023640.0110211s1964 sp r 001 0 spa d aDO-SdBNPbspacBNPHU axxxxxbS541v1 aSheen, Fulton J.95171710aVida de Cristo /cFulton J. Sheen ; traducción Juan Godo Costa. a4a ed. aBarcelona, España :bHerder,c1964. a525 p. ;c22 cm. aIncluye índice analítico. aIncluye notas al pie de las páginas. aTítulo origina :tLife of christ,cNew York : Mc Graw-Hill, 1958.1 aGodo Costa, Juan,etr.951396 aBNGR 001054708MOaGRbGRcCTd2011-02-11iLF1l0oxxxxx S541vp25233-10r2020-06-25w2020-06-25y4ZPréstamo en sala c24726d24726